Nové prístupy k hodnoteniu marketingového výkonu
Obsah a význam indikátorov marketingového výkonu. Adaptácia mier úspešnosti podľa typu marketingovej stratégie. Pyramída indikátorov marketingového výkonu.
Enregistré dans:
| Auteur principal: | |
|---|---|
| Format: | Chapitre de livre |
| Langue: | slovaque |
| Sujets: | |
| Tags: |
Pas de tags, Soyez le premier à ajouter un tag!
|
MARC
| LEADER | 00000nla$a2200000$$$4500 | ||
|---|---|---|---|
| 001 | 0066588 | ||
| 005 | 20240502083159.1 | ||
| 041 | 0 | |a slo | |
| 044 | |a CZ | ||
| 245 | 1 | 0 | |a Nové prístupy k hodnoteniu marketingového výkonu |c Dagmar Lesáková |
| 520 | |a Obsah a význam indikátorov marketingového výkonu. Adaptácia mier úspešnosti podľa typu marketingovej stratégie. Pyramída indikátorov marketingového výkonu. | ||
| 610 | 2 | 0 | |a marketing |
| 610 | 2 | 0 | |a stratégia marketingová |
| 610 | 2 | 0 | |a podnik |
| 610 | 2 | 0 | |a značky výrobkov |
| 610 | 2 | 0 | |a zákazníci |
| 610 | 2 | 0 | |a produkty |
| 610 | 2 | 0 | |a konkurencia |
| 100 | 1 | |a Lesáková, Dagmar, 1949- | |